[Event "World ol U16"]
[Site "Konya"]
[Date "2018.11.26"]
[Round "3.16"]
[White "Duran, Esma Doga"]
[Black "Liu, Zhanhe"]
[Result "1/2-1/2"]
[WhiteElo "1908"]
[BlackElo "2052"]
[PlyCount "84"]
[EventDate "2018.11.25"]
[EventType "team-swiss"]
[EventRounds "9"]
[EventCountry "TUR"]
[SourceTitle "CBM 187 Extra"]
[Source "ChessBase"]
[SourceDate "2018.11.04"]
[SourceVersion "1"]
[SourceVersionDate "2018.11.04"]
[SourceQuality "1"]
[WhiteTeam "Turkey Girls"]
[BlackTeam "Canada"]
[WhiteTeamCountry "TUR"]
[BlackTeamCountry "CAN"]

1. Nf3 c5 2. g3 g6 3. Bg2 Bg7 4. 0-0 Nc6 5. c4 e5 6. Nc3 Nge7 7. d3 0-0 8. b3 d6 9. Bb2 h6 10. e3 Be6 11. Nd2 d5 12. e4 dxe4 13. dxe4 Nd4 14. Nd5 Nec6 15. Nf3 Bg4 16. Qd3 a5 17. Nxd4 exd4 18. f4 Be6 19. Ba3 Nb4 20. Bxb4 axb4 21. f5 Bxd5 22. exd5 Qg5 23. Be4 gxf5 24. Rxf5 Qe3+ 25. Kf1 b6 26. Rf2 Qxd3+ 27. Bxd3 Rfe8 28. Re1 Re3 29. Rxe3 dxe3 30. Re2 Bd4 31. Kg2 Kg7 32. Kf3 Kf6 33. Kf4 Re8 34. h3 Be5+ 35. Kxe3 Bxg3+ 36. Kf3 Rxe2 37. Bxe2 Bd6 38. Ke4 Kg5 39. Bg4 h5 40. Bc8 f6 41. Bf5 Be5 42. Be6 h4 1/2-1/2

[Event "Wch U16"]
[Site "Montevideo"]
[Date "2017.09.20"]
[Round "5"]
[White "Otawa, Yuto"]
[Black "Liu, Zhanhe"]
[Result "1/2-1/2"]
[WhiteElo "2032"]
[BlackElo "1912"]
[PlyCount "90"]
[EventDate "2017.09.17"]
[EventType "swiss"]
[EventRounds "11"]
[EventCountry "URU"]
[SourceTitle "CBM 180 Extra"]
[Source "ChessBase"]
[SourceDate "2017.10.06"]
[SourceVersion "1"]
[SourceVersionDate "2017.10.06"]
[SourceQuality "1"]

1. d4 f5 2. g3 Nf6 3. Bg2 g6 4. c3 Bg7 5. Qb3 c6 6. Nd2 d6 7. Nh3 Qb6 8. Qxb6 axb6 9. Nc4 Be6 10. Na3 b5 11. 0-0 h6 12. Nf4 Bf7 13. Nd3 0-0 14. b3 Nd5 15. Nb1 b4 16. Bxd5 Bxd5 17. Bb2 bxc3 18. Nxc3 Bf7 19. e3 Nd7 20. Ne2 Ra7 21. Rfd1 Rfa8 22. Nec1 Kf8 23. Kf1 Ke8 24. Rd2 Nf6 25. f3 g5 26. Nf2 Bh5 27. Ke2 g4 28. fxg4 Nxg4 29. Nxg4 fxg4 30. a3 Bf7 31. b4 Kd7 32. Nd3 Bc4 33. Rf1 Rh8 34. Kd1 h5 35. Rff2 Raa8 36. Nf4 Bf7 37. Nd3 Bg6 38. Nc5+ Kc8 39. Ne6 Bf6 40. Nf4 Be4 41. Rf1 Kd7 42. Kc1 h4 43. gxh4 Rxh4 44. Rff2 Rah8 45. Bc3 b6 1/2-1/2

[Event "Wch U16"]
[Site "Montevideo"]
[Date "2017.09.18"]
[Round "3"]
[White "Coro, Lucas"]
[Black "Liu, Zhanhe"]
[Result "0-1"]
[WhiteElo "2193"]
[BlackElo "1912"]
[PlyCount "130"]
[EventDate "2017.09.17"]
[EventType "swiss"]
[EventRounds "11"]
[EventCountry "URU"]
[SourceTitle "CBM 180 Extra"]
[Source "ChessBase"]
[SourceDate "2017.10.06"]
[SourceVersion "1"]
[SourceVersionDate "2017.10.06"]
[SourceQuality "1"]

1. e4 c5 2. Nf3 g6 3. d4 cxd4 4. Nxd4 Nc6 5. c4 Nf6 6. Nc3 d6 7. Be2 Nxd4 8. Qxd4 Bg7 9. Be3 0-0 10. Qd2 Be6 11. 0-0 Qa5 12. Rac1 Rfc8 13. b3 a6 14. f4 b5 15. f5 Bd7 16. e5 b4 17. Na4 Ne4 18. Qd4 Bxa4 19. bxa4 Nc3 20. Bf3 dxe5 21. Qg4 e4 22. Bxe4 Nxe4 23. Qxe4 Qe5 24. Qxe5 Bxe5 25. Bb6 a5 26. fxg6 hxg6 27. Rfd1 Rc6 28. c5 Bc7 29. Bxc7 Rxc7 30. Rc4 Rac8 31. Rdc1 Rc6 32. Kf2 f6 33. Ke3 Kf7 34. Ke4 Ke6 35. g4 Rh8 36. R1c2 Rh3 37. Kd4 Rh4 38. Re2+ Kd7 39. Kd3 e5 40. Rf2 Ke6 41. Ke3 Rh3+ 42. Kd2 Kd5 43. Rc2 Rxc5 44. Rxc5+ Kxc5 45. Rxf6 Rxh2+ 46. Kd3 Rxa2 47. Rxg6 Rxa4 48. Re6 Ra3+ 49. Kc2 Kb5 50. Rxe5+ Ka4 51. Kb2 Rg3 52. g5 Rg2+ 53. Kb1 b3 54. Rf5 Kb4 55. g6 Rxg6 56. Rh5 a4 57. Rh4+ Ka3 58. Rh1 Rg3 59. Rc1 Rh3 60. Rg1 Rh4 61. Rf1 Kb4 62. Ka1 a3 63. Rb1 Rg4 64. Rh1 a2 65. Rf1 Ka3 0-1

[Event "CAN-ch U16"]
[Site "Sault Ste Marie"]
[Date "2017.07.07"]
[Round "4.15"]
[White "Doknjas, Joshua"]
[Black "Liu, Zhanhe"]
[Result "1-0"]
[WhiteElo "2197"]
[BlackElo "2188"]
[PlyCount "75"]
[EventDate "2017.07.06"]
[EventType "swiss"]
[EventRounds "7"]
[EventCountry "CAN"]
[SourceTitle "EXT 2022"]
[Source "ChessBase"]
[SourceDate "2021.10.06"]
[SourceVersion "1"]
[SourceVersionDate "2021.10.06"]
[SourceQuality "1"]

1. e4 c5 2. Nf3 g6 3. c3 d5 4. exd5 Qxd5 5. Na3 Bg7 6. Bc4 Qe4+ 7. Be2 Nf6 8. 0-0 0-0 9. d4 cxd4 10. Nxd4 Qd5 11. Bf3 Qa5 12. Re1 e5 13. Nc4 Qc7 14. Nxe5 Nbd7 15. Bf4 Nxe5 16. Bxe5 Qb6 17. Qb3 Nd7 18. Qxb6 Nxb6 19. Bd6 Rd8 20. Bc7 Rf8 21. Nb5 Na4 22. Bd6 Rd8 23. Nc7 Rb8 24. Re8+ Rxe8 25. Nxe8 Ra8 26. Nxg7 Kxg7 27. b3 Nb6 28. Re1 Be6 29. Bxb7 Rd8 30. Be5+ Kf8 31. Bd4 Rd7 32. Bf3 Nd5 33. Kf1 Rc7 34. Bxd5 Bxd5 35. Re5 Bb7 36. f3 a6 37. Ke2 f6 38. Re6 1-0

[Event "Wisconsin Int"]
[Site "Madison"]
[Date "2017.06.15"]
[Round "4"]
[White "Cooklev, Steven"]
[Black "Liu, Zhanhe"]
[Result "1-0"]
[WhiteElo "2133"]
[BlackElo "1963"]
[PlyCount "62"]
[EventDate "2017.06.13"]
[EventType "swiss"]
[EventRounds "9"]
[EventCountry "USA"]
[SourceTitle "CBM 179 Extra"]
[Source "ChessBase"]
[SourceDate "2017.08.23"]
[SourceVersion "1"]
[SourceVersionDate "2017.08.23"]
[SourceQuality "1"]

1. e4 c5 2. Nf3 g6 3. c3 d5 4. exd5 Qxd5 5. d4 Bg7 6. Be3 cxd4 7. cxd4 Nf6 8. Nc3 Qa5 9. Bc4 0-0 10. h3 Nbd7 11. 0-0 Nb6 12. Bb3 Nbd5 13. Bd2 Qd8 14. Re1 e6 15. Ne5 b6 16. Nc6 Qd6 17. Nxd5 Nxd5 18. Rc1 Bb7 19. Bxd5 exd5 20. Bb4 Qf6 21. Be7 Qf4 22. g3 Qf5 23. Bxf8 Kxf8 24. Ne5 Rc8 25. Qf3 Qxf3 26. Nxf3 Bh6 27. Rxc8+ Bxc8 28. Kg2 f6 29. Nh2 Kf7 30. Ng4 Bg5 31. Ne3 Be6 1-0

[Event "Toronto Hart House Reading Week op"]
[Site "Toronto"]
[Date "2017.02.18"]
[Round "2"]
[White "Liu, Zhanhe"]
[Black "Mark, Eddie"]
[Result "1/2-1/2"]
[WhiteElo "2194"]
[BlackElo "2275"]
[PlyCount "71"]
[EventDate "2017.02.18"]
[EventType "swiss"]
[EventRounds "6"]
[EventCountry "CAN"]
[SourceTitle "EXT 2022"]
[Source "ChessBase"]
[SourceDate "2021.10.06"]
[SourceVersion "1"]
[SourceVersionDate "2021.10.06"]
[SourceQuality "1"]

1. e4 e5 2. Nf3 d6 3. Bc4 Be7 4. 0-0 Nf6 5. d3 0-0 6. Re1 Nc6 7. a4 Bg4 8. c3 Qd7 9. Nbd2 Rad8 10. h3 Bh5 11. Nf1 Rfe8 12. Ng3 Bg6 13. a5 a6 14. Qb3 Rb8 15. Ng5 Bf8 16. Nf5 h6 17. Nh4 Bh5 18. Ngf3 Bxf3 19. Nxf3 Qe7 20. Nh4 Nh5 21. Nf5 Qf6 22. Qd1 Nf4 23. Qg4 Qg5 24. Qxg5 hxg5 25. g3 Ne6 26. Bxe6 fxe6 27. Ne3 Be7 28. b4 Rbd8 29. Ba3 d5 30. exd5 exd5 31. Ng4 Bf8 32. Rab1 e4 33. d4 Na7 34. Bc1 Be7 35. Be3 Nb5 36. Rbc1 1/2-1/2

[Event "CAN-ch U14"]
[Site "Windsor"]
[Date "2016.07.06"]
[Round "3.23"]
[White "Liu, Zhanhe"]
[Black "Talukdar, Rohan Shyam"]
[Result "0-1"]
[WhiteElo "1993"]
[BlackElo "2223"]
[PlyCount "66"]
[EventDate "2016.07.05"]
[EventType "swiss"]
[EventRounds "7"]
[EventCountry "CAN"]
[SourceTitle "EXT 2022"]
[Source "ChessBase"]
[SourceDate "2021.10.06"]
[SourceVersion "1"]
[SourceVersionDate "2021.10.06"]
[SourceQuality "1"]

1. e4 e6 2. d4 d5 3. Nd2 Nf6 4. e5 Nfd7 5. Bd3 c5 6. c3 Nc6 7. Ngf3 Be7 8. 0-0 a5 9. Re1 cxd4 10. cxd4 g5 11. h3 h5 12. g4 hxg4 13. hxg4 Qb6 14. Qa4 Nf8 15. Qb3 Nb4 16. Bb1 Bd7 17. Nf1 a4 18. Qd1 Bb5 19. Ne3 Qa6 20. Bd2 Nd3 21. Bxd3 Bxd3 22. Ng2 Rg8 23. Qc1 Qb6 24. Bc3 Be4 25. Qe3 Kd7 26. Nd2 Bxg2 27. Kxg2 Ng6 28. Rh1 Nf4+ 29. Kg3 Rh8 30. Nf3 a3 31. b3 Rac8 32. Qd2 Rxh1 33. Rxh1 Rxc3 0-1

[Event "Aurora Fall op"]
[Site "Aurora "]
[Date "2015.10.04"]
[Round "5.4"]
[White "Liu, Zhanhe"]
[Black "Vettese, Nicholas"]
[Result "0-1"]
[WhiteElo "1925"]
[BlackElo "2276"]
[PlyCount "80"]
[EventDate "2015.10.03"]
[EventType "swiss"]
[EventRounds "5"]
[EventCountry "CAN"]
[SourceTitle "EXT 2019"]
[Source "ChessBase"]
[SourceDate "2018.10.10"]
[SourceVersion "1"]
[SourceVersionDate "2018.10.10"]
[SourceQuality "1"]

1. e4 c5 2. Nf3 d6 3. d4 cxd4 4. Nxd4 Nf6 5. Nc3 a6 6. h3 e5 7. Nde2 Be7 8. g4 h6 9. Bg2 Nc6 10. Ng3 g6 11. 0-0 Be6 12. Nd5 h5 13. g5 Nd7 14. h4 Rc8 15. c3 Bg4 16. f3 Be6 17. f4 exf4 18. Bxf4 Nce5 19. Nf6+ Nxf6 20. Bxe5 dxe5 21. Qxd8+ Rxd8 22. gxf6 Bc5+ 23. Kh2 Rd2 24. b4 Be3 25. Rf3 Bf4 26. c4 Bxc4 27. Rc3 Be6 28. Kg1 0-0 29. Nf1 Rxa2 30. Rxa2 Bxa2 31. Rc7 Rb8 32. Kf2 b6 33. Ra7 Bc4 34. Bf3 Rc8 35. Be2 Bxe2 36. Kxe2 Rc6 37. Rxa6 Rxf6 38. Ra8+ Kg7 39. Rc8 Rd6 40. Rc4 Rd4 0-1